000 00302nam a22001337a 4500
008 170221b xxu||||| |||| 00| 0 eng d
020 _a9781582120119
041 _aeng
080 _a615
100 _a5
101 _aSHF
245 _aPUBLIC RELATIONS FOR PHARMACISTS
_cPUGLIESE, T.L
942 _2udc
_cBK
999 _c5916
_d5916